Регионална библиотека "Любен Каравелов" - Русе

Рисунки (Запис номер 208223)

MARC детайли
000 -Лидер
Контролно поле с фиксирана дължина nkm a22 a 4500
003 - Код на организацията, давaща контролен номер
Контролно поле BLK
005 - Дата и час на последна редакция
Контролно поле 20210215161741.0
008 - Елементи от данни с фиксирана дължина
fixed length control field 180412b bul rap|r|||| r0| ||bulo|
010 ## - Наследен системен номер
LC control number KNG00006170000
020 ## - Международен стандартен номер на книга ISBN
Международен стандартен номер на книга ISBN 954-406-062-6
040 ## - Източник на каталожния запис
Идентификатор на билиотеката - собственик на записа BLK
041 ## - Код за език
Код за езика на текст/звукозапис или на отделно заглавие Български
Код за езика КДБФ Български
080 ## - УДК
Текстов определител УДК Албуми с рисунки
УДК код - определител по УДК 741.9
УДК определител (44)
УДК - код + определител 741.9(44)
100 1# - Редна дума - Автор
Автор Дега, Едгар
Авторска отговорност първи автор
R(LIN) 59263
139 ## - Редно поле
Редна дума Дега, Едгар
Авторски знак Дев - Д 32
245 10 - Сведения за заглавието
Заглавие Рисунки
Подзаглавни данни Албум
Редно поле (дума) Едгар Дега; авт. на текста Соня Захариева.
257 ## - Страна на издаване
Страна на създаване/издаване Франция
260 ## - Област на издателските данни
Име на издателя, разпространителя и проч. Бълг. художник
Година на издаване 1994
Място на издаване, разпространение и проч. София
300 ## - Физическа характеристика
Страници 64 с.
Илюстрации и др. с репрод.
Размери/Мащаб 32 см
380 ## - Жанр
Жанр Изкуство
650 #4 - Допълнително описание по предмет – тема
Основно описание – тема или топоним Рисунка, френска - албуми
9 (RLIN) 351281
650 #4 - Допълнително описание по предмет – тема
Основно описание – тема или топоним Художници, френски - албуми
9 (RLIN) 253572
653 ## - Ключова дума – ненормативна
Ключова дума френски художници
653 ## - Ключова дума – ненормативна
Ключова дума албуми
700 1# - Други автори (авторска отговорност)
Лично име Захариева, Соня
Автороска отговорност (Описва отношението между автора и произведението) авт. на текста
9 (RLIN) 386885
852 ## - Местоположение
Форматна сигнатура Цб ІІ 26974
Фондова буква Хранилище
856 4# - Електронен адрес и достъп
Електронен формат pdf - файл
Път до файла /url/
856 4# - Електронен адрес и достъп
Електронен формат pdf - файл
Път до файла /url/
999 ## - СИСТЕМНИ КОНТРОЛНИ НОМЕРА
Koha biblionumber 208223
Koha biblioitemnumber 208223
942 ## - АРТИКУЛИ
Вид на библиотечния материал Графични издания
Скрит в OPAC Не
Периодичен библиозапис Да
944 ## - СЪЗДАВАНЕ И РЕДАКЦИЯ на ЗАПИСА
Създаване/Редакция Създаване
Дата на регистрацията/редакция 15.01.2003
Служител, извършил регистрацията/редакцията Ирена_Линкова
944 ## - СЪЗДАВАНЕ И РЕДАКЦИЯ на ЗАПИСА
Създаване/Редакция Редакция
Дата на регистрацията/редакция 13.01.2017
Служител, извършил регистрацията/редакцията Виолета_Тройчева
999 ## - СИСТЕМНИ КОНТРОЛНИ НОМЕРА
Koha biblioitemnumber 208223
Наличности
Код за отписване Код за изгубен артикул Източник на класификационната схема Код за повреда Коз за рестрикции Код за отдаване Артикулен № Име на библиотеката - собственик Име на библиотеката, в която се намира в момента Статус (Текущо местоположение) Дата на вписване в системата Местоположение - отдел Цена в лева Инвентарен номер Систематично азбучна сигнатура Баркод Номер на екземпляра Цена в евро Служебна бележка Служебен тип на артикула
  Не е изгубен Universal Decimal Classification Не е повреден само за читалня ползва се в читалня 359277 Регионална библиотека "Любен Каравелов" Русе Регионална библиотека "Любен Каравелов" Русе Хранилище 2001-01-01 Хранилище 0.00 610494 Цб ІІ 26974 120000610494 1 0.00 Дост: Dp Вид: Д N: 8 Дата: 01.01.1994 Графични издания
  Не е изгубен Universal Decimal Classification Не е повреден без рестрикции заемане за дома 359278 Регионална библиотека "Любен Каравелов" Русе Регионална библиотека "Любен Каравелов" Русе Отдел Изкуство - подръчен фонд 2001-01-01 Отдел Изкуство - подръчен фонд 6.00 666037 74/Д 32 120000666037 2 3.07 Дост: Pk Вид: Ф N: стар фонд Дата: 01.01.2001 Графични издания
Vip Innovations Ltd, Rousse, Bulgaria 2025